000 00474nam a2200169 4500
003 DO-SdBNP
005 20170112091750.0
008 170112b2011 ck||||| |||| 00| 0 spa d
020 _a9789586774192
040 _aBPMSU
_bspa
_cBPMSU
100 _aSuárez Velandia, Miyam
245 _aEcología medio ambiente /
_cMiryam Suárez Velandia
260 _aBogotá :
_bZamora Editores ,
_c2011
300 _a204 p. :
_bil. :
_c40 cm
942 _2ddc
_cBK
956 _adgarcia
999 _c12439
_d12439